| 000 | 00434nam a22001337a 4500 | ||
|---|---|---|---|
| 040 | _cNUST | ||
| 082 | _a220 PRO | ||
| 100 |
_aNS MUHAMMAD ANEES ASC MUHAMMAD SHOAIB ASC WALEED KHALID _997811 |
||
| 110 |
_aPROJECT SUPERVISOR DR. USMAN AKRAM _997812 |
||
| 245 | _aPR-SOF-2117-Automated Viva Scoring App for Chiropractic Students | ||
| 260 |
_aISLAMABAD: _bNUST COLLEGE OF EME, _c2022. |
||
| 650 |
_aDE-COMP-40 _996496 |
||
| 942 |
_2ddc _cPR |
||
| 999 |
_c591175 _d591175 |
||